00681 a2200181 4500020001500000020001500015040001300030100002200043245009400065260005800159300001100217440003200228650002600260700002100286942002100307999001500328952015600343 a0198751613 a0198751613 aDLCbDLC1 aBerkeley, George,12aA treatise concerning the principles of human knowledgecGeorge Berkeley, Jonathan Dancy. aOxford ;aNew York :bOxford University Press,c1998. a237 p. 0aOxford philosophical texts. 0aKnowledge, Theory of.1 aDancy, Jonathan. cBKk121 BER2ddc c6746d6746 001040708NFICaCLbCLcGENd2006-10-16eProgressive International Agenciesg1158.80l3o121 BERpSEECS007634r2025-08-12s2025-04-27w2017-01-05yBK